000 00548nam a2200193Ia 4500
005 20250508163204.0
008 008 250505s9999 xx 000 0 hin d
037 _aTextBook
040 _aFEDL
_beng
_cFEDL
041 _ahin
_2eng
084 _a491.430 7, VAR/R
_qFEDL
100 _aVarma Vedhnath Parsad
_9772650
245 0 _aHindi shikshan padhati
260 _aPatna, India
_bBihar Hindi Granth Akademi
_c1973
300 _axi,457p
365 _aINR
_b16.5
942 _cTB
_h491.430 7, VAR/R
999 _c1381390
_d1381390